Navigating Borders (Record no. 22888)
[ view plain ]
| 000 -LEADER | |
|---|---|
| fixed length control field | 00731nam a2200121Ia 4500 |
| 008 - FIXED-LENGTH DATA ELEMENTS--GENERAL INFORMATION | |
| fixed length control field | 220620s9999||||xx |||||||||||||| ||und|| |
| 100 ## - MAIN ENTRY--PERSONAL NAME | |
| Personal name | van Liempt, Ilse |
| 245 #0 - TITLE STATEMENT | |
| Title | Navigating Borders |
| Remainder of title | Inside Perspectives on the Process of Human Smuggling into the Netherlands |
| 546 ## - LANGUAGE NOTE | |
| Language note | English[eng] |
| 650 ## - SUBJECT ADDED ENTRY--TOPICAL TERM | |
| Topical term or geographic name entry element | human smuggling||irregular migration||netherlands||horn of africa||fortress europe||wetenschap algemeen||asylum||forced migration||popular science||former soviet union||iraq||transit migration |
| 856 ## - ELECTRONIC LOCATION AND ACCESS | |
| Uniform Resource Identifier | <a href="https://library.oapen.org/bitstream/20.500.12657/35195/1/340140.pdf||https://library.oapen.org/bitstream/20.500.12657/35195/1/340140.pdf||https://library.oapen.org/bitstream/20.500.12657/35195/1/340140.pdf">https://library.oapen.org/bitstream/20.500.12657/35195/1/340140.pdf||https://library.oapen.org/bitstream/20.500.12657/35195/1/340140.pdf||https://library.oapen.org/bitstream/20.500.12657/35195/1/340140.pdf</a> |
| 942 ## - ADDED ENTRY ELEMENTS (KOHA) | |
| Koha item type | E-Books |
| Withdrawn status | Lost status | Damaged status | Not for loan | Home library | Current library | Date acquired | Total Checkouts | Date last seen | Price effective from | Koha item type |
|---|---|---|---|---|---|---|---|---|---|---|
| Kerala University of Digital Sciences, Innovation and Technology Knowledge Centre | Kerala University of Digital Sciences, Innovation and Technology Knowledge Centre | 20/06/2022 | 20/06/2022 | 20/06/2022 | E-Books |